| 000 | 00549nam a22001577a 4500 | ||
|---|---|---|---|
| 999 |
_c534792 _d534792 |
||
| 020 | _qHard Cover. | ||
| 082 | _a629.04 | ||
| 100 | _aMuhammad Umer Zubair | ||
| 245 |
_aSubcontracting practices – contractual relationship and dispute resolution / _cMuhammad Umer Zubair. |
||
| 260 |
_aIslamabad: _bSCEE - NUST, _c2016. |
||
| 300 |
_a134 p. : _bill. ; _c30cm. |
||
| 942 |
_2ddc _cTHE |
||
| 650 |
_aConstruction Engineering and Managemet MS-Thesis. _929154 |
||
| 700 |
_aDr. Hamza Farooq _927180 |
||